000 00360nam a2200145 i 4500
001 bg
100 1 _aDŻAFAROV, T. D.
245 0 _aDetekty i diffuzija v epitaksialnych strukturach /
_cT.D. Dżafarov.
260 _aLeningrad,
_c1978.
040 _cBPK
041 _apol
080 _a537.311.33
942 _cKS
008 s pl f |000 0 pol
999 _c10034
_d10034
856 _uhttp://koha.tu.koszalin.pl/cgi-bin/koha/opac-detail.pl?biblionumber=10034
_yKatalog online BPK